000 01076cam a2200301Mi 4500
005 20180312122246.0
008 131017s2012 sp a fr 001 0 spadd
020 _a9788499104577
020 _a8499104576
035 _a(OCoLC)861665205
040 _aCo-BoUCM
_bspa
_cSandra Palacio
_dSandra Palacio
041 1 _aspa
060 _aQT 256
100 1 _aAshell, Ken
_977735
245 1 0 _aManual de anatomía del ejercicio
_cKen Ashwell, Michael Baker, Tim Foulcher, Michael Newtow ; traductor García Fernández, Valle-Nara García Fernández
260 _aBadalona (Cataluña, España)
_bPaidotribo
_c2012
300 _a192 páginas
_bilustraciones
500 _aIncluye índice
650 7 1 _aEjercicio físico
_913936
650 7 2 _aAnatomía humana
_97271
650 7 2 _aFisioterapia
_915956
690 _aFisiología
_915925
700 1 _aBaker, Michael
_977736
700 1 _aFoulcher, Tim
_977737
700 1 _aNewtow, Michael
_977738
700 1 _aGarcía Fernández, Valle-Nara
_etraductor
_977739
942 _2NLM
_cLIBRO
_a26
_e1
_hQT 256
_mA831ma
_n0
999 _c303590
_d303590